Library Banner

Sira shahadten سرالشھادتین / (Record no. 88880)

MARC details
000 -LEADER
fixed length control field 00497nam a22001457a 4500
005 - DATE AND TIME OF LATEST TRANSACTION
control field 20161124101031.0
008 - FIXED-LENGTH DATA ELEMENTS--GENERAL INFORMATION
fixed length control field 161124b xxu||||| |||| 00| 0 eng d
040 ## - CATALOGING SOURCE
Transcribing agency PK-LaUMT
082 ## - DEWEY DECIMAL CLASSIFICATION NUMBER
Classification number RHC 297.72092
Item number SHA-S
100 ## - MAIN ENTRY--PERSONAL NAME
Personal name Shah Abdul Aziz Mohaddas Dehlvi
245 ## - TITLE STATEMENT
Title Sira shahadten سرالشھادتین /
Statement of responsibility, etc Shah Abdul Aziz Mohaddas Dehlvi شاہ عبدالعزیز محدث دھلوی
260 ## - PUBLICATION, DISTRIBUTION, ETC. (IMPRINT)
Place of publication, distribution, etc Muzaffarabad :
Name of publisher, distributor, etc Shah Hamdan International Trust,
Date of publication, distribution, etc 2012
300 ## - PHYSICAL DESCRIPTION
Extent 301 p.
942 ## - ADDED ENTRY ELEMENTS (KOHA)
Koha item type Books
Holdings
Withdrawn status Lost status Damaged status Home library Current library Date acquired Full call number Barcode Date last seen Price effective from Koha item type
      UMT Main Campus UMT Main Campus 2016-11-24 RHC 297.72092 SHA-S 102970 2016-11-24 2016-11-24 Books